000 00662nam a2200193Ia 4500
003 GCL
008 140319s9999 xx 000 0 ara d
020 _a5316409960
040 _aGCL /
_cGCL
082 0 4 _a616.831
_bت ف
100 1 _aتانزى رادولف اى0
245 1 0 _aفك شفرة الظلام :
_bالبحث عن الاسباب الوراثية لداء الزهايمر /
_cتانزى رادولف اى0
250 _aالاولى
260 _aالرياض :
_bمكتبة العبيكان ،
_c2004
300 _a501 ص ؛
_c27 سم
650 0 4 _aالاعصاب - امراض
650 0 4 _aالزهايمر - امراض
942 _2ddc
_cBK
999 _c32855
_d32855